<?xml version="1.0" encoding="UTF-8"?>
<record
    xmlns:xsi="http://www.w3.org/2001/XMLSchema-instance"
    xsi:schemaLocation="http://www.loc.gov/MARC21/slim http://www.loc.gov/standards/marcxml/schema/MARC21slim.xsd"
    xmlns="http://www.loc.gov/MARC21/slim">

  <leader>00478nam a22001577a 4500</leader>
  <datafield tag="999" ind1=" " ind2=" ">
    <subfield code="c">5924</subfield>
    <subfield code="d">5924</subfield>
  </datafield>
  <controlfield tag="008">180117b        xxu||||| |||| 00| 0 eng d</controlfield>
  <datafield tag="020" ind1=" " ind2=" ">
    <subfield code="a">978-0-07-352815-1</subfield>
  </datafield>
  <datafield tag="082" ind1=" " ind2=" ">
    <subfield code="a">305 MAR</subfield>
  </datafield>
  <datafield tag="100" ind1=" " ind2=" ">
    <subfield code="a">MARGER,Martin N.</subfield>
  </datafield>
  <datafield tag="245" ind1=" " ind2=" ">
    <subfield code="a"> Social inequality</subfield>
    <subfield code="b">Partens and Processes</subfield>
    <subfield code="c">Martin N. Marger</subfield>
    <subfield code="h">English</subfield>
  </datafield>
  <datafield tag="250" ind1=" " ind2=" ">
    <subfield code="a">4th ed</subfield>
  </datafield>
  <datafield tag="260" ind1=" " ind2=" ">
    <subfield code="a">Boston</subfield>
    <subfield code="b">McGraw Hill</subfield>
    <subfield code="c">2007</subfield>
  </datafield>
  <datafield tag="300" ind1=" " ind2=" ">
    <subfield code="a">448p</subfield>
    <subfield code="b">Ill,pictures</subfield>
    <subfield code="c">22cm</subfield>
  </datafield>
  <datafield tag="650" ind1=" " ind2=" ">
    <subfield code="2">Equality.2. Social classes 3. Social Structure</subfield>
  </datafield>
  <datafield tag="942" ind1=" " ind2=" ">
    <subfield code="2">ddc</subfield>
    <subfield code="c">BOOKS</subfield>
  </datafield>
  <datafield tag="952" ind1=" " ind2=" ">
    <subfield code="0">0</subfield>
    <subfield code="1">0</subfield>
    <subfield code="2">ddc</subfield>
    <subfield code="4">0</subfield>
    <subfield code="7">0</subfield>
    <subfield code="a">3000</subfield>
    <subfield code="b">3000</subfield>
    <subfield code="d">2018-01-17</subfield>
    <subfield code="l">0</subfield>
    <subfield code="o">305 MAR</subfield>
    <subfield code="p">10000001312</subfield>
    <subfield code="r">2018-01-17</subfield>
    <subfield code="w">2018-01-17</subfield>
    <subfield code="y">BOOKS</subfield>
  </datafield>
  <datafield tag="952" ind1=" " ind2=" ">
    <subfield code="0">0</subfield>
    <subfield code="1">0</subfield>
    <subfield code="2">ddc</subfield>
    <subfield code="4">0</subfield>
    <subfield code="7">0</subfield>
    <subfield code="a">3000</subfield>
    <subfield code="b">3000</subfield>
    <subfield code="d">2018-01-17</subfield>
    <subfield code="l">0</subfield>
    <subfield code="o">305 MAR</subfield>
    <subfield code="p">10000001313</subfield>
    <subfield code="r">2018-01-17</subfield>
    <subfield code="w">2018-01-17</subfield>
    <subfield code="y">BOOKS</subfield>
  </datafield>
</record>
